| 000 | 00850nam a2200229 i 4500 | ||
|---|---|---|---|
| 001 | 177861 | ||
| 003 | ES-MaACL | ||
| 005 | 20251220171939.0 | ||
| 008 | 110503s1958 sp |||| | spa d | ||
| 080 | _a003 | ||
| 100 | 1 |
_aMorris, Charles W. _983670 |
|
| 245 | 1 | 0 |
_aFundamentos de la teoría de los signos / _cCharles W. Morris. |
| 260 |
_aMéxico : _bUniversidad Nacional de México, _c1958. |
||
| 300 |
_ap. 31-83 ; _c21 cm. |
||
| 490 | 1 |
_aSeminario de Problemas Científicos y Filosóficos. Suplementos ; _v2ª serie ; _v12 |
|
| 504 | _aBibliografía: p. 83. | ||
| 650 | 0 | 4 |
_aSemiótica. _917041 |
| 710 | 2 |
_aUniversidad Nacional Autónoma de México. _97397 |
|
| 830 | 0 |
_aSeminario de Problemas Científicos y Filosóficos. Suplementos _v2ª serie ; _v12 _9190619 |
|
| 852 |
_aES-MaACL _j2297-F-19 _xOlim P-902 |
||
| 999 |
_c177861 _d177861 |
||